000
00250nam a2200109Ia 4500
005
20251222154404.0
008
251222s9999||||xx |||||||||||||| ||spa||
082
_a
863.5/A34R/T.2
100
_a
"Alas, Leopoldo "
245
0
_a
La Regenta
942
_c
LIB
999
_c
35413
_d
35413